|
|
|
|
| LEADER |
01155nam a2200325 a 4500 |
| 001 |
33756 |
| 003 |
BD-DhAAL |
| 005 |
20211116162706.0 |
| 008 |
180916t2012 nyua 001 0 eng |
| 999 |
|
|
|c 39524
|d 39524
|
| 010 |
|
|
|a 2011032850
|
| 020 |
|
|
|a 9780415888370 (hardback : alk. paper)
|
| 020 |
|
|
|a 9780415888387 (pbk. : alk. paper)
|
| 040 |
|
|
|a DLC
|c DLC
|d DLC
|d BD-DhAAL
|
| 042 |
|
|
|a pcc
|
| 050 |
0 |
0 |
|a NA2500
|b .S555 2012
|
| 082 |
0 |
0 |
|a 720.1
|2 23
|
| 100 |
1 |
|
|a Smith, Korydon H.,
|d 1977-
|9 28181
|
| 245 |
1 |
0 |
|a Introducing architectural theory :
|b debating a discipline /
|c Korydon Smith.
|
| 246 |
3 |
0 |
|a Debating a discipline
|
| 260 |
|
|
|a New York :
|b Routledge,
|c 2012.
|
| 300 |
|
|
|a xix, 423 pages :
|b illustrations ;
|c 24 cm.
|
| 500 |
|
|
|a Includes index.
|
| 526 |
|
|
|a ARC
|
| 541 |
|
|
|a Trim Education
|e 33756
|
| 650 |
|
0 |
|a Architecture
|x Philosophy.
|9 28182
|
| 650 |
|
0 |
|a Architecture
|9 42750
|
| 852 |
|
|
|a Ayesha Abed Library
|c General Stacks
|
| 942 |
|
|
|2 ddc
|c BK
|
| 952 |
|
|
|0 0
|1 0
|2 ddc
|4 0
|6 720_100000000000000_SMI
|7 0
|9 64329
|a BRACUL
|b BRACUL
|c GEN
|d 2018-09-09
|e 1
|g 3090.00
|l 3
|m 28
|o 720.1 SMI
|p 3010033756
|r 2025-10-14
|s 2025-09-08
|t 1
|v 3090.00
|w 2018-09-09
|y BK
|